000 00742nam a2200205Ia 4500
001 17727
003 GE_BSU
008 181216s||||||||xx |||||||||||||| ||und||
040 _cGE_BSU
080 _a637.523.3
100 _aПелеев,А.И. Бражников,А.М. Гаврилова,В.А.
245 _aТепловое оборудование колбасного производства.
245 _cРед. Л.В.Корбут.
260 _aМ.
260 _bПищевая промышленность.
260 _c1970.
300 _a383 стр. с илл. 22 см. Библиогрю: стр.380-383.
653 _aТепловое оборудование колбасного производства.
942 _cBK
999 _c50775
_d50775